000 00335 a2200145 4500
001 166879
020 _a
040 _cMagnum
100 _aDavis, Martha
240 1 0 _aManual de relaxamento e reducao do stress
_lpor
245 1 0 _aManual de relaxamento e reducao do stress
362 0 _a1899
697 _aPSICOLOGIA
942 _cBK
999 _c166879
_d166879